02176nam a22002771a 450000100100000000500170001000800410002702000180006804100080008604300120009410000290010624501030013525000120023826000670025030000190031749000890033652011820042560000590160760000430166665000660170965000370177565000220181274000240183474000200185874000200187800008739920200120224953.0130204s1985 ck gr|||| 000 f spa d a97895866552550 aspa as-ck---1 aRulfo, Juan,d1918-1986.10aObra reunida /cJuan Rulfo ; prólogo y cronología Jorge Ruffinelli ; diseño : Juan Fresán. a2a. ed. aCaracas (Venezuela) :bFundación Biblioteca Ayacucho,c1985. a334 páginas.0 aMinisterio de Cultura, Plan Nacional de Lectura y Escritura Leer es mi Cuento, 2018" a"Los tres libros que se incluyen en este volumen, El Llano en llamas, Pedro Páramo y El gallo de oro, son los únicos que publicó Juan Rulfo, y no hizo falta nada más para que se convirtiera en uno de los mayores escritores en lengua castellana. • Los diecisiete cuentos de El Llano en llamas funcionan como artefactos preciosos, pulidos en su prosa y parcos en su construcción, y sientan las bases para una nueva fundación de la literatura latinoamericana. • Pedro Páramo, "si no la mejor, si no la más larga, si no la más importante, sí la más bella de las novelas que se han escrito jamás en lengua castellana", según García Márquez, con ese pueblo lleno de susurros y sombras, donde solo se escuchan la memoria del pasado y sus alucinaciones como escenario, abjura del realismo mimético y genera una clara ruptura con la tradición novelística de América Latina. • Finalmente, El gallo de oro, su segunda novela, escrita entre 1956 y 1958, pero publicada recién en 1980, y que se utilizó previamente para producir la película homónima, es una novela breve y extraordinaria, en la que explora nuevos caminos y atmósferas."14aRulfo, Juan,d1918-1986xCrítica e interpretación.14aRulfo, Juan,d1918-1986xCronología.24aLiteratura mexicanaySiglo XXvColecciones de escritos.2LEMB24aNovela mexicanaySiglo XX.2LEMB24aCuentos mexicanos3 aEl llano en llamas.0 aPedro Páramo.3 aEl gallo de oro